Państwa Europy w ich języku urzędowym - Statystyki

Ogólne statystyki
  • Ten quiz został rozwiązany 7 razy
  • Średni wynik to 14 z 47
Statystyki odpowiedzi
Kraj Stolica % Poprawnych
Polska Warszawa
86%
Finlandia Helsinki
57%
Holandia (Niderlandy) Amsterdam
43%
Kazachstan Astana
43%
Niemcy Berlin
43%
Belgia Brussel
43%
Irlandia [ang.] Dublin
43%
Dania København
43%
Hiszpania Madrid
43%
Białoruś Minsk
43%
Norwegia Oslo
43%
Francja Paris
43%
Czarnogóra Podgorica
43%
Czechy Praha
43%
Islandia Reykjavík
43%
Bułgaria Sofia
43%
Estonia Tallin
43%
Albania Tiranë
43%
Austria Wien
43%
Chorwacja Zagreb
43%
Andora Andora la Vella
29%
Turcja Ankara
29%
Szwajcaria Bern
29%
Słowacja Bratislava
29%
Rumunia București
29%
Mołdawia Chișinău
29%
Portugalia Lisboa
29%
Słowenia Ljubljana
29%
Wielka Brytania London
29%
Łotwa Riga
29%
Włochy Roma
29%
Bośnia i Hercegowina Sarajevo
29%
Macedonia Skopje
29%
Szwecja Stockholm
29%
Liechtenstein Vaduz
29%
Litwa Vilnius
29%
Serbia Beograd
14%
Węgry Budapest
14%
Monako Monako
14%
Rosja Moskva
14%
Grecja Athína
0%
San Marino Città di San Marino
0%
Malta Il-Belt Valetta
0%
Ukraina Kyjiw
0%
Luksemburg Lëtzebuerg
0%
Kosowo Prishtinë
0%
Watykan Status Civitatis Vaticanæ
0%
Nie znaleziono quizów pasujących do podanych kryteriów
Rozkład punktacji
Procent ludzi z każdym wynikiem
Percentyl według liczby udzielonych odpowiedzi
Twoja historia wyników
Nie rozwiązałeś tego quizu